00362nam a2200145Ia 4500003000400000005001700004008004100021020001800062040000900080082001800089100001900107245004300126260003800169300000900207OSt20200622110838.0190216s9999||||xx |||||||||||||| ||und|| a9788125016106 coclc a954.03bCHA/E1 aChandra, Bipan 0aEssays On Colonialism /cBipan Chandra bOrient Longman,c2000.aHyderbad: a365p